Tiếng Việt - văn Việt - người Việt

保存先:
書誌詳細
第一著者: Cao Xuân Hạo
フォーマット: 図書
出版事項: Nxb Trẻ 2003
タグ: タグ追加
タグなし, このレコードへの初めてのタグを付けませんか!
Thư viện lưu trữ: Mạng thư viện Đại học Đà Nẵng
LEADER 00557nam a2200229 a 4500
001 000029112
003 19405
005 20171030145630.0
008 171030s2003
020 |c 41000 
040 |a LTT 
082 0 |a 306.44  |b CA-H 
100 1 |a Cao Xuân Hạo 
245 0 0 |a Tiếng Việt - văn Việt - người Việt  |c Cao Xuân Hạo. 
260 |b Nxb Trẻ  |c 2003 
OWN |a LTT 
999 |a From the UDN01 
TYP |a Monograph 
TYP |a Printed language 
980 |a Mạng thư viện Đại học Đà Nẵng